[Event "Ferrol op 31th"]
[Site "Ferrol"]
[Date "2016.07.19"]
[Round "2"]
[White "Esteve Perez, Manuel Fulgencio"]
[Black "Longa Yauca, Javier"]
[Result "0-1"]
[WhiteElo "149"]
[BlackElo "2277"]
[PlyCount "68"]
[EventDate "2016.07.18"]
[EventType "swiss"]
[EventRounds "9"]
[EventCountry "ESP"]
[SourceTitle "EXT 2024"]
[Source "ChessBase"]
[SourceDate "2023.10.10"]
[SourceVersion "1"]
[SourceVersionDate "2023.10.10"]
[SourceQuality "1"]

1. e4 Nf6 2. e5 Nd5 3. c4 Nb6 4. c5 Nd5 5. d4 b6 6. Bc4 Bb7 7. Nf3 e6 8. cxb6 axb6 9. 0-0 Be7 10. a3 0-0 11. Bb3 f5 12. Nc3 c6 13. h3 Kh8 14. Nxd5 exd5 15. Bc2 Na6 16. b4 Nxb4 17. Bb2 Na6 18. Re1 Nc7 19. Nd2 Ne6 20. Nf3 g5 21. Nh2 Rf7 22. Qh5 Qf8 23. Re3 c5 24. dxc5 bxc5 25. Rg3 Nf4 26. Qd1 d4 27. Bb3 Rg7 28. Nf3 g4 29. hxg4 fxg4 30. Nh2 h5 31. Nxg4 hxg4 32. Rxg4 Qf5 33. Rxg7 Kxg7 34. Qe1 Qg4 0-1